Rayuela /

Guardado en:
Autor Principal: Cortázar, Julio
Formato: Libro
Publicado: Buenos Aires : Suma de Letras Argentina, 2004.
Series:Punto de lectura
Materias:
Etiquetas: Agregar Etiqueta
Sin Etiquetas, Sea el primero en etiquetar este registro!
LEADER 00566nam a22002055a 4500
001 CEM.cems017431
005 20101125170608.0
008 130507s2004##################000#0#####d
003 CEMS
020 |a 9871106548 
082 0 4 |a A863.4 
100 1 |a Cortázar, Julio 
245 1 0 |a Rayuela /  |c Julio Cortázar. 
260 |a Buenos Aires :  |b Suma de Letras Argentina,  |c 2004. 
300 |a 711 p. 
490 0 |a Punto de lectura 
653 |a Literatura 
653 |a Literatura argentina 
653 |a Narrativa 
859 |a CEMS  |b BIB. CEMS - Agricultura  |h A863.4  |i C891  |p A0565.04  |t Ej.1